000 00636nam a2200241Ia 4500
003 OSt
005 20220918174256.0
006 a|||||r|||| 00| 0
007 ta
008 220917b |||||||| |||| 00| 0 eng d
024 _a11,369
037 _cTextual
040 _aARTS
_cARTS
_beng
041 _2eng
_aeng
082 _a/\:87.498.N, L1
100 _aDavid-Neel Alexandra
_949795
245 0 _aMagic and mystery in Tibet
260 _aNew York
_bDover
_c1971
300 _axiv,320p
_ccm.
650 _aSPIRITUALISM
942 _h/\:87.498.N, L1
_cTEXL
_2CC
999 _c152480
_d152480